| 000 | 00470nam a22001577a 4500 | ||
|---|---|---|---|
| 003 | MPLRDC | ||
| 005 | 20220104144456.0 | ||
| 008 | 210129b ||||| |||| 00| 0 eng d | ||
| 082 | _a051.4 K1KC-2 1964 | ||
| 100 | _a坤成女子中学第五十六周年纪念刊编辑委员会 | ||
| 245 |
_a坤成女子中学第五十六周年纪念刊 _c |
||
| 260 |
_a _b坤成女子中学 _c1964 |
||
| 300 | _b精 | ||
| 650 | _a学术纪要、学刊 | ||
| 942 |
_cBK _o051.4 K1KC-2 1964 |
||
| 999 |
_c49977 _d49967 |
||